000 00655nam a2200217 a 4500
999 _c4048
_d4048
001 4048
003 BD-JhCC
005 20171122182210.0
008 171122s1966 b ||||| |||| 00| 0 b d
035 _a(BD-JhCC)
040 _aBD-JhCC
_dBD-JhCC
041 _aben
082 _a891.4415
_bSAI 1966
100 _aসাহউদ্দিন, সারোয়ার
245 _aহাতেম তায়ী /
_cসারোয়ার সাহউদ্দিন
260 _aঢাকা :
_bবাংলা একাডেমী,
_c১৯৬৬
300 _a328 p. :
_c22cm.
650 _aBengali Poem
942 _2ddc
_cBK